|
|
|
|
| LEADER |
00000nam0a2200000 4500 |
| 001 |
50883 |
| 005 |
20231031033751.0 |
| 035 |
|
|
|a (RuTPU)RU\TPU\book\53271
|
| 090 |
|
|
|a 50883
|
| 100 |
|
|
|a 20030422d1937 km y0rusy50 ca
|
| 101 |
0 |
|
|a rus
|
| 102 |
|
|
|a RU
|
| 105 |
|
|
|a a z 000zy
|
| 200 |
1 |
|
|a Паровые турбины и конденсационные устройства
|e Теория, конструкции и эксплуатация
|f С. М. Лосев
|
| 205 |
|
|
|a 5-е изд., перераб.
|
| 210 |
|
|
|a Москва
|a Ленинград
|c Гл. изд-во энерг. литературы
|d 1937
|
| 215 |
|
|
|a 452 с.
|c ил.
|
| 333 |
|
|
|a Исключено из фонда НТБ ТПУ
|
| 700 |
|
1 |
|a Лосев
|b С. М.
|g Сергей Михайлович
|
| 801 |
|
1 |
|a RU
|b 63413507
|c 20030422
|g PSBO
|
| 801 |
|
2 |
|a RU
|b 63413507
|c 20201124
|g PSBO
|
| 942 |
|
|
|c BK
|